| 000 | 00460nam a22001817a 4500 | ||
|---|---|---|---|
| 003 | OSt | ||
| 005 | 20180116183053.0 | ||
| 008 | 160901b xxu||||| |||| 00| 0 eng d | ||
| 020 | _a8124201692 | ||
| 040 | _c0 | ||
| 082 | _a658.314 CLU 1999 | ||
| 100 | _aClutterbuck,David | ||
| 245 |
_aThe Art of HRD : _bThe Power of Empowerment volume 8. |
||
| 260 |
_aIndia _bKogan Page _c1999 |
||
| 300 |
_a256 p. _bPB |
||
| 440 | _aThe Art of HRD : | ||
| 942 |
_2ddc _cBK |
||
| 999 |
_c351719 _d351719 |
||